| 000 | 00719am a2200265a 44500 | ||
|---|---|---|---|
| 005 | 20170210104856.0 | ||
| 008 | 150729b xxu||||| |||| 00| 0 spa d | ||
| 041 | _aspa | ||
| 082 | _a658 H339i | ||
| 100 |
_aHarvard Business School _939305 |
||
| 245 | _aLa iniciativa emprendedora | ||
| 260 | _aEspaña | ||
| 260 | _bDeusto | ||
| 260 | _c2004 | ||
| 300 | _a234 páginas | ||
| 650 |
_aADMINISTRACIÓN DE EMPRESAS _9521 |
||
| 650 |
_a CREACIÓN DE EMPRESAS _914197 |
||
| 650 |
_aEMPRENDEDOR _93191 |
||
| 650 |
_aPLAN DE NEGOCIOS _93875 |
||
| 650 |
_aEMPRESA DE RIESGO _939306 |
||
| 650 |
_aCAPITAL DE RIESGO _939307 |
||
| 650 |
_aTICS _97940 |
||
| 650 |
_aTECNOLOGÍAS DE LA INFORMACIÓN _97073 |
||
| 942 | _cBK | ||
| 999 |
_c6959 _d6959 |
||